| 000 | 01064nam a22003257b 4500 | ||
|---|---|---|---|
| 001 | |||
| 003 | DO-SdBNP | ||
| 005 | 20180215151821.0 | ||
| 008 | 000519s1999 sp| ||| ||spa | ||
| 016 | 7 |
_a _2 |
|
| 017 |
_a _b |
||
| 020 | _z2-215-063-17-3 | ||
| 035 | _a(OCoLC) | ||
| 040 |
_aBPMSU _bspa _cBPMSU _erdc |
||
| 041 | 1 |
_aspa _hfre |
|
| 080 | 0 | _a | |
| 100 | 1 | _aCambournac, Laure | |
| 240 | 1 | 0 |
_aDinosaures et animaux disparus _lEspañol |
| 245 | 1 | 0 |
_aDinosaurios y animales desaparecidos / _h _ctextos, Laure Cambournac ; ilustraciones, Maris-Christine Lemayeur, Bernard Alunni ; creación, Émilie Beaumont ; traducción, Veo Veo Comunicación |
| 260 |
_aParis : _bils. ; _c1999 |
||
| 300 |
_a123 p : _b ils. _c25 cm |
||
| 490 | _aImagen descubre el mundo | ||
| 650 | 7 |
_aAnimales extinguidos _vLibros infantiles _2embne |
|
| 700 | 1 | _aLemayeur, Marie-Christine | |
| 700 | 1 | _aAlunni, Bernard | |
| 830 | _aImagen descubre el mundo | ||
| 942 |
_2ddc _cBK |
||
| 945 | _aInventariado, 2018 / BT | ||
| 956 |
_a VMATEO _b10 _c20170114 _dBPMSU _f0069 |
||
| 999 |
_c12456 _d12456 |
||